Normal view
MARC view
- Duffie, John.A, Beckman, William.A
Entry Personal Name
001 - CONTROL NUMBER
- control field: 63096
003 - CONTROL NUMBER IDENTIFIER
- control field: NUST
005 - DATE AND TIME OF LATEST TRANSACTION
- control field: 20210628203047.0
008 - FIXED-LENGTH DATA ELEMENTS
- fixed length control field: 210628|| aca||aabn | a|a d
040 ## - CATALOGING SOURCE
- Original cataloging agency: NUST
- Transcribing agency: NUST
100 ## - HEADING--PERSONAL NAME
- Personal name: Duffie, John.A, Beckman, William.A
670 ## - SOURCE DATA FOUND
- Source citation: Work cat.: (NUST): Duffie, John.A, Beckman, William.A, Solar engineering of thermal processes, 2006
